IFM Opac

Way is it that red political power can exist in China (Record no. 7665)

MARC details
000 -LEADER
fixed length control field 00374nam a2200145Ia 4500
008 - FIXED-LENGTH DATA ELEMENTS--GENERAL INFORMATION
fixed length control field 150509s9999 xx 000 0 und d
082 ## - DEWEY DECIMAL CLASSIFICATION NUMBER
Classification number 320.5323 MAO
100 ## - MAIN ENTRY--PERSONAL NAME
Personal name Mao Tse-Tung
245 ## - TITLE STATEMENT
Title Way is it that red political power can exist in China
260 ## - PUBLICATION, DISTRIBUTION, ETC.
Place of publication, distribution, etc. Peking:
260 ## - PUBLICATION, DISTRIBUTION, ETC.
Name of publisher, distributor, etc. Maoism
260 ## - PUBLICATION, DISTRIBUTION, ETC.
Date of publication, distribution, etc. 1968
300 ## - PHYSICAL DESCRIPTION
Extent 133p. ;15cm
650 ## - SUBJECT ADDED ENTRY--TOPICAL TERM
Topical term or geographic name entry element Political theoriesCommunism
Holdings
Withdrawn status Lost status Source of classification or shelving scheme Damaged status Not for loan Home library Current library Shelving location Date acquired Inventory number Total Checkouts Full call number Date last seen Price effective from Koha item type
    Dewey Decimal Classification     IFM Main Campus Library IFM Main Campus Library Archival Collection 05/15/2015 0000000526   320.5323 MAO 05/15/2015 05/15/2015 Books